=LDR 00000nam 2200000 4500 =001 INLIS000000000014906 =005 20130612110204 =008 ***********************************ind** =035 ##$$0010-061300000014906 =041 ##$$a ind =082 ##$$a 304.2 =090 ##$$a 304.2, Dwi e =100 ##$$a Dwidjoseputro,D =245 ##$$a Ekologi manusia dengan lingkunganya, D. Dwidejoseputro =260 ##$$a 1990 $b Jakarta =300 ##$$a xiii, 133 hlm, ilus., 21 cm =650 ##$$a Ekologi manusia =850 ##$$a NBPNMAT